000 00220nam a2200097Ia 4500
008 220204s9999 xx 000 0 und d
082 _a82-34
_bTAL
245 0 _aTales from Punjab
260 _aBombay
_bSubhash
942 _cBK
999 _c37487
_d37487